Sam Simpson : (Record no. 3141)
[ view plain ]
| 000 -LEADER | |
|---|---|
| fixed length control field | 00535nam a2200193Ia 4500 |
| 003 - CONTROL NUMBER IDENTIFIER | |
| control field | GBCCL |
| 005 - DATE AND TIME OF LATEST TRANSACTION | |
| control field | 20241126110448.0 |
| 008 - FIXED-LENGTH DATA ELEMENTS--GENERAL INFORMATION | |
| fixed length control field | 171108b xxu||||| |||| 00| 0 eng d |
| 020 ## - INTERNATIONAL STANDARD BOOK NUMBER | |
| International Standard Book Number | 0936625635 |
| 040 ## - CATALOGING SOURCE | |
| Transcribing agency | gbc |
| 082 ## - DEWEY DECIMAL CLASSIFICATION NUMBER | |
| Classification number | 266.0092 |
| Item number | GAR |
| 100 ## - MAIN ENTRY--PERSONAL NAME | |
| Personal name | Garrett, Carol S. |
| 9 (RLIN) | 6491 |
| 245 ## - TITLE STATEMENT | |
| Title | Sam Simpson : |
| Remainder of title | architect of hope / |
| Statement of responsibility, etc. | Carol S. Garrett |
| 260 ## - PUBLICATION, DISTRIBUTION, ETC. | |
| Name of publisher, distributor, etc. | New hope, |
| Place of publication, distribution, etc. | Birmingham, Alabama : |
| Date of publication, distribution, etc. | 1989. |
| 300 ## - PHYSICAL DESCRIPTION | |
| Extent | 174p. ; |
| 600 ## - SUBJECT ADDED ENTRY--PERSONAL NAME | |
| Personal name | Simpson, Samuel G. |
| 9 (RLIN) | 6492 |
| 650 ## - SUBJECT ADDED ENTRY--TOPICAL TERM | |
| Topical term or geographic name entry element | Missions, Home |
| Geographic subdivision | New york |
| 9 (RLIN) | 6493 |
| 942 ## - ADDED ENTRY ELEMENTS (KOHA) | |
| Source of classification or shelving scheme | Dewey Decimal Classification |
| Koha item type | Books |
| Koha issues (borrowed), all copies | 1 |
| Withdrawn status | Lost status | Source of classification or shelving scheme | Damaged status | Not for loan | Home library | Current Library | Shelving location | Date acquired | Total checkouts | Full call number | Barcode | Date last seen | Date last checked out | Copy number | Price effective from | Koha item type |
|---|---|---|---|---|---|---|---|---|---|---|---|---|---|---|---|---|
| Dewey Decimal Classification | GRACE BIBLE COLLEGE | GRACE BIBLE COLLEGE | Ministry & Mission | 2017-11-08 | 1 | 266.0092 GAR | 008542 | 2025-05-01 | 2021-03-16 | c.1 | 2017-11-08 | Books |